000 00494nam a2200169Ia 4500
999 _c24080
_d24080
003 OSt
005 20210111142012.0
008 190216s9999||||xx |||||||||||||| ||und||
040 _coclc
082 _a894.81
_bSNAM/B
100 _aNamboodiri, Punam
_98284
245 0 _aBhasha Ramayana Champu /
_cPunam Namboodiri
260 _bKerala Sahithya Academy,
_aTrissur:
_c1967.
300 _a952p
650 _aMalayalam
942 _cBK
_2ddc
_h894.81
_iSNAM/B
_k894.81
_mSNAM/B